| 000 | 00999nam a2200265 a 4500 | ||
|---|---|---|---|
| 001 | 000004328 | ||
| 005 | 20200929151426.0 | ||
| 008 | 090721s1977 dr a 001 0 spa d | ||
| 020 | _a0311057608 | ||
| 040 |
_aDO-SdBNP _bspa _cBNPHU |
||
| 082 |
_a291.1 _bC782c |
||
| 100 | 1 |
_aCopeland, E. Luther _912760 |
|
| 245 | 1 | 3 |
_aEl cristianismo y otras religiones / _cE. Luther Copeland ; Abdías Mora Acuña traductor. |
| 260 |
_aSanto Domingo : _bCasa Bautista de Publicaciones, _c1977. |
||
| 300 |
_a192 p. : _bil. ; _c20 cm. |
||
| 500 | _aIncluye índice | ||
| 500 | _aIncluye notas al pie de páginas | ||
| 500 | _aPublicado originalmente en inglés bajo el título Christianity and world religions | ||
| 534 | _aChristianity and word religions | ||
| 650 | 4 |
_aCristianismo y otras religiones _xJudaismo _912761 |
|
| 650 | 4 |
_aCristianismo y judaismo _912762 |
|
| 650 | 4 |
_aReligión primitiva _912763 |
|
| 700 | 1 |
_aMora Acuña, Abdías, _etrad. _912764 |
|
| 910 | _avalidado control de calidad Mfileto | ||
| 999 |
_c4137 _d4137 |
||